000 00922nam a2200253Ia 4500
003 OSt
005 20220923211559.0
006 a|||||r|||| 00| 0
007 ta
008 220922b |||||||| |||| 00| 0 hin d
020 _a9789386541925 (hbk)
_c700
024 _a353,504
037 _b329, 27/02/2020, Eastern Book Linkers
_cTextual
040 _aARTS
_cARTS
_bhin
041 _2hin
_ahin
082 _aV2z7, 152Q9
100 _aझा, परमानन्द, संपा.
_9157180
245 0 _aभारतीय समाज का अग्निपथ
246 _aBhāratīya samāj kā agnipatha
260 _aनई दिल्ली
_b एजुकेशनल बुक सर्विस
_c2019
300 _a234पृ.
_ccm.
942 _hV2z7, 152Q9
_cTEXL
_2CC
999 _c300992
_d300992